Sustainable Urban Housing Design & Construction Practices, A Case Study of Dadu, Sindh / (Record no. 528180)

000 -LEADER
fixed length control field 00531nam a22001457a 4500
082 ## - DEWEY DECIMAL CLASSIFICATION NUMBER
Classification number 307.1
100 ## - MAIN ENTRY--PERSONAL NAME
Personal name Hassan, Zamir-UL-
245 ## - TITLE STATEMENT
Title Sustainable Urban Housing Design & Construction Practices, A Case Study of Dadu, Sindh /
Statement of responsibility, etc. Zamir-UL-Hassan.
260 ## - PUBLICATION, DISTRIBUTION, ETC.
Place of publication, distribution, etc. Islamabad:
Name of publisher, distributor, etc. NIT - SCEE - NUST,
Date of publication, distribution, etc. 2018.
300 ## - PHYSICAL DESCRIPTION
Extent Var 64 p. : ill. ;
Dimensions 30cm.
942 ## - ADDED ENTRY ELEMENTS (KOHA)
Source of classification or shelving scheme
Koha item type Thesis
650 ## - SUBJECT ADDED ENTRY--TOPICAL TERM
Topical term or geographic name entry element Urban & Regional Planning - MS Thesis.
700 ## - ADDED ENTRY--PERSONAL NAME
Personal name Sup: Dr. Malik Asghar Naeem.
650 ## - SUBJECT ADDED ENTRY--TOPICAL TERM
-- 16560
700 ## - ADDED ENTRY--PERSONAL NAME
-- 19779
Holdings
Withdrawn status Lost status Source of classification or shelving scheme Damaged status Not for loan Permanent Location Current Location Shelving location Date acquired Total Checkouts Full call number Barcode Date last seen Price effective from Koha item type
          Central Library (CL) Central Library (CL) Thesis 08/31/2019   307.1 CL-T-2001 08/31/2019 08/31/2019 Thesis
© 2023 Central Library, National University of Sciences and Technology. All Rights Reserved.